[Event "St Louis Summer B"]
[Site "Saint Louis USA"]
[Date "2019.06.18"]
[Round "1.1"]
[White "Sevian, Samuel"]
[Black "Fridman, Daniel"]
[Result "1/2-1/2"]
[WhiteTitle "GM"]
[BlackTitle "GM"]
[WhiteElo "2677"]
[BlackElo "2644"]
[WhiteFideId "2040506"]
[BlackFideId "11600454"]
[EventDate "2019.06.18"]

1. e4 e5 2. Nf3 Nf6 3. Nxe5 d6 4. Nf3 Nxe4 5. Nc3 Nxc3 6. dxc3 Be7 7. Be3 O-O 8.
Qd2 Nd7 9. O-O-O Nf6 10. h4 Re8 11. Bd3 Bf8 12. Ng5 h6 13. f3 c5 14. g4 Qa5 15.
Kb1 b5 16. Ne4 Nxe4 17. Bxe4 Be6 18. c4 Qxd2 19. Bxd2 Rac8 20. cxb5 d5 21. Bd3
c4 22. Bf5 a6 23. bxa6 Ra8 24. Bc3 Rxa6 25. h5 Rb8 26. Rhe1 Ba3 27. b3 Bc5 28.
f4 Rba8 29. a4 Rb8 30. Be5 Rb7 31. Ka2 Bb4 32. Re2 d4 33. Bxe6 Rxe6 34. Rxd4 f6
35. Rxc4 fxe5 36. Rxe5 Rxe5 37. fxe5 Kf7 38. c3 Ba5 39. b4 Bc7 40. Kb3 Ke6 41.
Rc6+ Kxe5 42. a5 Kd5 43. Ra6 Bf4 44. c4+ Kd4 45. Re6 Bd2 46. Rd6+ Ke3 47. Rxd2
Kxd2 48. a6 Ra7 49. b5 Kd3 50. c5 Kd4 51. b6 Rxa6 52. b7 Kxc5 53. b8=Q Rb6+ 54.
Qxb6+ Kxb6 1/2-1/2

[Event "St Louis Summer B"]
[Site "Saint Louis USA"]
[Date "2019.06.18"]
[Round "1.2"]
[White "Oparin, Grigoriy"]
[Black "Gabuzyan, Hovhannes"]
[Result "1/2-1/2"]
[WhiteTitle "GM"]
[BlackTitle "GM"]
[WhiteElo "2644"]
[BlackElo "2619"]
[WhiteFideId "24125890"]
[BlackFideId "13303732"]
[EventDate "2019.06.18"]

1. d4 Nf6 2. Nf3 e6 3. g3 b5 4. Bg5 Bb7 5. Nbd2 Be7 6. Bg2 c5 7. dxc5 Na6 8. c4
b4 9. Nb3 Rc8 10. Rc1 Nxc5 11. O-O O-O 12. Nxc5 Rxc5 13. Be3 Ra5 14. Qb3 Ne4 15.
a3 Nc5 16. Bxc5 Bxc5 17. axb4 Qb6 18. b5 a6 19. Qc3 Bxf3 20. Bxf3 Ra4 21. e3
axb5 22. cxb5 Be7 23. Qd3 Rd8 24. Rc2 Bf6 25. b3 Ra5 26. Be2 g6 27. Rfc1 Kg7 28.
Qc4 Ra7 29. b4 h5 30. h4 Qb8 31. Qd3 Be5 32. Kg2 Ra4 33. Qb3 Ra7 34. Rc5 Bf6 35.
Qd3 Be7 36. Qd4+ Bf6 37. Qd3 Be7 38. Rc8 Rxc8 39. Rxc8 Qxc8 40. Qd4+ Bf6 41.
Qxa7 d5 42. b6 Be5 43. Qe7 Qf8 44. Qc5 Bd6 45. Qd4+ Kg8 46. g4 hxg4 47. Qxg4 Qg7
48. b7 Qe5 49. Bf3 Kg7 50. Qg3 Bb8 51. b5 Qc7 52. Qxc7 Bxc7 53. b6 Bb8 54. Be2
Kf6 55. Bb5 Ke7 56. Kf3 Kf6 57. Ke2 Ke7 58. Kd3 Be5 59. Kc2 Bb8 60. Kb3 Bd6 61.
Ka4 Bb8 62. Bd3 Kd6 63. Kb5 Kd7 64. Bc2 Kd6 65. Ba4 Kd7 66. Kc5+ Kd8 67. Kc6 Ke7
68. Bd1 Kd8 69. h5 gxh5 70. Bxh5 f5 71. Bg6 Ke7 72. Bh7 Kd8 73. Bxf5 exf5 74.
Kxd5 Kd7 75. f4 Bd6 76. e4 fxe4 77. Kxe4 1/2-1/2

[Event "St Louis Summer B"]
[Site "Saint Louis USA"]
[Date "2019.06.18"]
[Round "1.3"]
[White "Ganguly, Surya Shekhar"]
[Black "Kovalenko, Igor"]
[Result "1-0"]
[WhiteTitle "GM"]
[BlackTitle "GM"]
[WhiteElo "2642"]
[BlackElo "2651"]
[WhiteFideId "5002150"]
[BlackFideId "14117908"]
[EventDate "2019.06.18"]

1. e4 c6 2. d4 d5 3. exd5 cxd5 4. Bd3 Nc6 5. c3 Nf6 6. Bf4 Bg4 7. Qb3 Qd7 8. Nd2
e6 9. Ngf3 Bd6 10. Bxd6 Qxd6 11. O-O O-O 12. Rfe1 Bxf3 13. Nxf3 Rab8 14. Qd1 Qf4
15. Qe2 a6 16. a3 Nd7 17. Qc2 g6 18. Re3 Rfe8 19. Rae1 b5 20. g3 Qf6 21. Qe2 Nb6
22. b4 Rbc8 23. h4 Re7 24. Nh2 Qg7 25. h5 Nd8 26. Qd2 Rec7 27. hxg6 hxg6 28. Rc1
Qh8 29. Kg2 Qg7 30. Ng4 Nd7 31. a4 bxa4 32. Bxa6 Ra8 33. b5 Nb8 34. Ra1 Nxa6 35.
Rxa4 Rca7 36. bxa6 Rxa6 37. Rxa6 Rxa6 38. Re1 g5 39. Qb2 Ra8 40. Qb5 Qf8 41. Rh1
Qe7 42. Ne5 Ra7 43. Qb1 Qf6 44. Qh7+ Kf8 45. Rh6 Qg7 46. Qh8+ Qxh8 47. Rxh8+ Ke7
48. Rxd8 Rc7 49. Rg8 1-0

[Event "St Louis Summer B"]
[Site "Saint Louis USA"]
[Date "2019.06.19"]
[Round "2.2"]
[White "Gabuzyan, Hovhannes"]
[Black "Ganguly, Surya Shekhar"]
[Result "0-1"]
[WhiteTitle "GM"]
[BlackTitle "GM"]
[WhiteElo "2619"]
[BlackElo "2642"]
[WhiteFideId "13303732"]
[BlackFideId "5002150"]
[EventDate "2019.06.18"]

1. c4 Nf6 2. Nc3 e6 3. d4 Bb4 4. Qc2 O-O 5. Bg5 c5 6. dxc5 h6 7. Bh4 Na6 8. e3
Nxc5 9. Ne2 Nce4 10. a3 Qa5 11. Bxf6 Nxf6 12. O-O-O Be7 13. Nd4 a6 14. g4 b5 15.
Rg1 b4 16. axb4 Bxb4 17. Nb3 Qe5 18. Na2 Be7 19. h4 Ne8 20. Nd4 Bb7 21. g5 h5
22. Bd3 g6 23. Nc3 Ng7 24. Nde2 Rab8 25. Nf4 Qa5 26. Kd2 Bf3 27. Ra1 Qb6 28. Ra2
Bd6 29. Nfe2 Be5 30. Rga1 Rfc8 31. Rxa6 Qxb2 32. Nd4 Nf5 33. Bxf5 gxf5 34. R6a2
Qxc2+ 35. Rxc2 Bxd4 36. exd4 Rxc4 37. Ra4 Rxa4 38. Nxa4 Rb4 39. Rc8+ Kg7 40. Nc5
Bc6 41. Ke3 f4+ 42. Kd3 Rb2 43. d5 exd5 44. Rd8 Rxf2 45. Nxd7 Bb5+ 46. Kd4 Rd2+
47. Kc3 Rd3+ 48. Kc2 f3 49. Nf6 Kg6 50. Rd6 Kf5 51. Nxh5 Kg4 52. g6 fxg6 53. Ng7
f2 54. Rxg6+ Kh3 0-1

[Event "St Louis Summer B"]
[Site "Saint Louis USA"]
[Date "2019.06.19"]
[Round "2.3"]
[White "Sevian, Samuel"]
[Black "Oparin, Grigoriy"]
[Result "1/2-1/2"]
[WhiteTitle "GM"]
[BlackTitle "GM"]
[WhiteElo "2677"]
[BlackElo "2644"]
[WhiteFideId "2040506"]
[BlackFideId "24125890"]
[EventDate "2019.06.18"]

1. e4 e5 2. Nf3 Nc6 3. Bb5 a6 4. Ba4 Nf6 5. O-O Be7 6. Re1 b5 7. Bb3 d6 8. c3
O-O 9. h3 Nb8 10. d4 Nbd7 11. Bc2 Bb7 12. Nbd2 Re8 13. Nf1 Bf8 14. Ng3 g6 15. a4
Bg7 16. Bd3 exd4 17. cxd4 c5 18. axb5 axb5 19. Rxa8 Bxa8 20. Bxb5 cxd4 21. Nxd4
Nxe4 22. Nxe4 Rxe4 23. Rxe4 Bxe4 24. Bf1 Bb7 25. b4 Nf6 26. Nb5 Nd5 27. Bc4 Qe7
28. Bxd5 Bxd5 29. Qxd5 Qe1+ 30. Kh2 Qxc1 31. Nxd6 Qf4+ 32. Kg1 Qc1+ 33. Kh2 Qf4+ 1/2-1/2

[Event "St Louis Summer B"]
[Site "Saint Louis USA"]
[Date "2019.06.20"]
[Round "3.1"]
[White "Oparin, Grigoriy"]
[Black "Fridman, Daniel"]
[Result "1-0"]
[WhiteTitle "GM"]
[BlackTitle "GM"]
[WhiteElo "2644"]
[BlackElo "2644"]
[WhiteFideId "24125890"]
[BlackFideId "11600454"]
[EventDate "2019.06.18"]

1. Nf3 d5 2. g3 Nf6 3. Bg2 e6 4. O-O c5 5. d4 Nc6 6. c4 dxc4 7. Qa4 Bd7 8. Qxc4
b5 9. Qd3 c4 10. Qd1 Rc8 11. Ne5 Bd6 12. a4 Nxe5 13. dxe5 Bxe5 14. axb5 Qb6 15.
Nc3 Bxc3 16. bxc3 O-O 17. Bg5 Bxb5 18. Be3 Qd8 19. Rxa7 Bc6 20. Qxd8 Rfxd8 21.
Bxc6 Rxc6 22. Bg5 Rb6 23. Rc7 Rb2 24. e3 h6 25. Bxf6 gxf6 26. Rxc4 Rc2 27. Ra1
f5 28. g4 Rdd2 29. Rf4 Rxc3 30. gxf5 exf5 31. Rxf5 Rdc2 32. Raa5 Kg7 33. h4 Rc4
34. Kg2 Rg4+ 35. Kf3 Rg6 36. Ra4 Rc7 37. Kf4 Rc2 38. Kf3 Rc7 39. Ra3 Rf6 40.
Rxf6 Kxf6 41. e4 Rc2 42. Kg3 Kg7 43. f3 Rc1 44. Ra7 Rg1+ 45. Kf4 Rh1 46. Kg4
Rg1+ 47. Kf5 Rh1 48. Kg4 Rg1+ 49. Kf4 Rh1 50. Kg3 Rg1+ 51. Kh2 Re1 52. Kg2 Re2+
53. Kg3 Re1 54. Ra2 Kf6 55. Rg2 Rh1 56. Kg4 Kg6 57. e5 Kg7 58. f4 Rf1 59. f5 Kf8
60. Ra2 Re1 61. f6 Kg8 62. Kf5 Rf1+ 63. Ke4 Rh1 64. Kd5 h5 65. Kd6 Rb1 66. Ra8+
Kh7 67. e6 Rb6+ 68. Ke7 Rxe6+ 69. Kxf7 Re4 70. Kf8 Rxh4 71. f7 Re4 72. Re8 Rf4
73. Ke7 Kh6 74. f8=Q+ Rxf8 75. Rxf8 Kg5 76. Ke6 Kg4 77. Ke5 h4 78. Ke4 Kg3 79.
Ke3 h3 80. Rg8+ Kh2 81. Kf2 Kh1 82. Re8 h2 83. Re1# 1-0

[Event "St Louis Summer B"]
[Site "Saint Louis USA"]
[Date "2019.06.20"]
[Round "3.2"]
[White "Ganguly, Surya Shekhar"]
[Black "Sevian, Samuel"]
[Result "1/2-1/2"]
[WhiteTitle "GM"]
[BlackTitle "GM"]
[WhiteElo "2642"]
[BlackElo "2677"]
[WhiteFideId "5002150"]
[BlackFideId "2040506"]
[EventDate "2019.06.18"]

1. c4 e5 2. g3 Nf6 3. Bg2 d5 4. cxd5 Nxd5 5. Nf3 Nc6 6. O-O Nf6 7. d3 Bd6 8.
Nbd2 O-O 9. b3 Re8 10. Bb2 Bf5 11. Nc4 Qd7 12. d4 e4 13. Nfe5 Bxe5 14. dxe5 Nd5
15. Nd6 cxd6 16. Qxd5 Nxe5 17. Bxe4 Bxe4 18. Qxe4 Nc6 19. Qf3 Qe6 20. e3 d5 21.
Rfd1 Rad8 22. Rd2 Qe4 23. Kg2 Qxf3+ 24. Kxf3 Rd7 25. Rad1 Red8 26. g4 f6 27. h4
Kf7 28. h5 Ke6 29. Kf4 Ne5 30. Bd4 Nc6 31. Bc5 g6 32. hxg6 hxg6 33. Rh1 g5+ 34.
Kg3 b6 35. Ba3 d4 36. Rc2 Ne5 37. f4 Nd3 38. f5+ Kd5 39. Rd1 Ke4 40. exd4 Nf4
41. d5 Rxd5 42. Rc4+ Ke3 43. Bc1+ Ke2 44. Rxd5 Nxd5 45. Rd4 Rd7 46. a4 b5 47.
axb5 Nb6 48. Rxd7 Nxd7 49. Bb2 Ke3 50. Ba3 Kd3 51. Bb2 Ke3 52. b4 Ke4 53. Bc3
Kd3 54. Be1 Kc4 55. Bf2 Kxb5 56. Bxa7 Kxb4 57. Bd4 Kc4 58. Bb2 Kd5 59. Kf3 Ne5+
60. Bxe5 Kxe5 1/2-1/2

[Event "St Louis Summer B"]
[Site "Saint Louis USA"]
[Date "2019.06.20"]
[Round "3.3"]
[White "Kovalenko, Igor"]
[Black "Gabuzyan, Hovhannes"]
[Result "0-1"]
[WhiteTitle "GM"]
[BlackTitle "GM"]
[WhiteElo "2651"]
[BlackElo "2619"]
[WhiteFideId "14117908"]
[BlackFideId "13303732"]
[EventDate "2019.06.18"]

1. d4 Nf6 2. Nf3 g6 3. Bf4 Bg7 4. e3 d6 5. h3 O-O 6. c3 Nfd7 7. Bc4 Nc6 8. a4 e5
9. Bh2 a5 10. O-O Qe7 11. Na3 Nb6 12. Bb3 h6 13. Nb5 Na7 14. Nxa7 Rxa7 15. e4
Bd7 16. Re1 Raa8 17. Bg3 Bf6 18. Qd2 Kg7 19. Bc2 Rfe8 20. b3 c5 21. dxe5 dxe5
22. c4 Bc6 23. Qc3 Nd7 24. Rad1 Kg8 25. Re2 Bg7 26. Red2 Nf8 27. Qe3 f6 28. Nh4
Rad8 29. Rd5 Bxd5 30. cxd5 Qf7 31. Bd3 b6 32. Bb5 Re7 33. d6 Re6 34. Bc4 Kh7 35.
f4 exf4 36. Qxf4 Qe8 37. Bxe6 Qxe6 38. Qf3 Nd7 39. Qd3 c4 40. bxc4 Nc5 41. Qb1
Nxe4 42. Re1 f5 43. Qxb6 Rd7 44. Nf3 Qxc4 45. Be5 Qxa4 46. Bxg7 Kxg7 47. Qb2+
Nf6 48. Re6 Rf7 49. Nd4 Qb4 50. Qa1 Qc5 51. Kh1 Qd5 52. Qc3 a4 53. Qe3 a3 54.
Qc3 a2 55. Re2 Ra7 56. Qa1 Qxd4 0-1

[Event "St Louis Summer B"]
[Site "Saint Louis USA"]
[Date "2019.06.21"]
[Round "4.1"]
[White "Ganguly, Surya Shekhar"]
[Black "Fridman, Daniel"]
[Result "1/2-1/2"]
[WhiteTitle "GM"]
[BlackTitle "GM"]
[WhiteElo "2642"]
[BlackElo "2644"]
[WhiteFideId "5002150"]
[BlackFideId "11600454"]
[EventDate "2019.06.18"]

1. e4 e5 2. Nf3 Nf6 3. Nxe5 d6 4. Nf3 Nxe4 5. d4 d5 6. Bd3 Bf5 7. O-O Be7 8. Ne5
Nd7 9. Nc3 Nxe5 10. dxe5 Nxc3 11. bxc3 Qd7 12. Bxf5 Qxf5 13. Qxd5 O-O 14. Qxb7
Qxe5 15. Qc6 Rfe8 16. g3 Qc5 17. Qf3 Bf6 18. Bd2 Rad8 19. Rfe1 Rxe1+ 20. Rxe1 h5
21. Bf4 Bxc3 22. Re4 Bf6 23. Qe2 g6 24. Re8+ Rxe8 25. Qxe8+ Kg7 26. Qe4 Bd4 27.
Kg2 c6 28. c4 Qb6 29. Be5+ Bxe5 30. Qxe5+ Kg8 31. Qd6 Qa6 32. Qb8+ Kh7 33. Qb3
c5 34. h4 Kg7 35. Qc3+ 1/2-1/2

[Event "St Louis Summer B"]
[Site "Saint Louis USA"]
[Date "2019.06.21"]
[Round "4.2"]
[White "Kovalenko, Igor"]
[Black "Oparin, Grigoriy"]
[Result "0-1"]
[WhiteTitle "GM"]
[BlackTitle "GM"]
[WhiteElo "2651"]
[BlackElo "2644"]
[WhiteFideId "14117908"]
[BlackFideId "24125890"]
[EventDate "2019.06.18"]

1. c4 Nf6 2. Nc3 c5 3. Nf3 e6 4. e3 d5 5. d4 Nc6 6. a3 a6 7. dxc5 Bxc5 8. b4 Ba7
9. Bb2 O-O 10. Qc2 Qe7 11. Rd1 Rd8 12. Be2 d4 13. exd4 Nxd4 14. Nxd4 Bxd4 15.
O-O e5 16. Na4 Bd7 17. Bxd4 Bxa4 18. Qxa4 Rxd4 19. g3 Rad8 20. c5 g6 21. Qc2 Kg7
22. Rxd4 exd4 23. Bf3 h5 24. Rd1 h4 25. gxh4 Qe5 26. Qe2 Qf4 27. Rd3 Qxh4 28.
Bxb7 Nh5 29. Qd2 Nf4 30. Rg3 d3 31. Bf3 Qf6 32. h3 Re8 33. Kh2 Ne2 34. Qxd3 Nxg3
35. fxg3 Qb2+ 36. Bg2 Re2 37. Qf3 Rf2 38. Qe4 Re2 39. Qf3 Rc2 40. c6 Rc3 41. Qf4
Rxc6 42. Qe4 Re6 43. Qd3 Re2 44. Qd5 Re3 45. h4 Rxa3 46. h5 Qc3 47. Qg5 Qe3 48.
Qg4 Qh6 49. Qd4+ Kg8 50. g4 Qe3 51. Qd8+ Kg7 52. Qd6 Rd3 53. Qc7 Qg5 54. Qc2
Qe5+ 55. Kh1 Re3 56. Qf2 gxh5 57. gxh5 Re1+ 58. Bf1 Qxh5+ 59. Kg2 Qg5+ 60. Kh2
Re4 0-1

[Event "St Louis Summer B"]
[Site "Saint Louis USA"]
[Date "2019.06.21"]
[Round "4.3"]
[White "Gabuzyan, Hovhannes"]
[Black "Sevian, Samuel"]
[Result "1/2-1/2"]
[WhiteTitle "GM"]
[BlackTitle "GM"]
[WhiteElo "2619"]
[BlackElo "2677"]
[WhiteFideId "13303732"]
[BlackFideId "2040506"]
[EventDate "2019.06.18"]

1. c4 e5 2. a3 Nf6 3. d3 c6 4. Nf3 Bd6 5. Nc3 Bc7 6. Bg5 h6 7. Bxf6 Qxf6 8. g3
O-O 9. Bg2 d6 10. O-O Qd8 11. b4 a6 12. Qb3 Be6 13. d4 Nd7 14. d5 cxd5 15. cxd5
Bg4 16. Nd2 f5 17. a4 Bb6 18. Nc4 Nf6 19. Nxb6 Qxb6 20. a5 Qd8 21. f3 Bh5 22.
Bh3 Nh7 23. Na4 Ng5 24. Bg2 Qe7 25. Nb6 Rae8 26. e4 fxe4 27. fxe4 Be2 28. Rxf8+
Rxf8 29. Qe3 Bg4 30. Rf1 Rxf1+ 31. Kxf1 Qf7+ 32. Qf2 Qg6 33. Qe3 Qf7+ 34. Qf2
Qe8 35. Qc2 Qf8+ 36. Qf2 Qe8 37. Qc2 Kh7 38. Nc4 Qg6 39. Nd2 Qf7+ 40. Ke1 Bf3
41. Nxf3 Nxf3+ 42. Bxf3 Qxf3 43. Qe2 Qc3+ 44. Kf2 Qxb4 45. Qf3 Qd2+ 46. Kg1 Qg5
47. h4 Qf6 48. Qxf6 gxf6 49. h5 Kg7 50. Kg2 f5 51. exf5 Kf6 52. g4 Kf7 53. Kf3
Kg7 54. Kg3 Kf7 55. Kh4 Kf6 56. Kg3 1/2-1/2

[Event "St Louis Summer B"]
[Site "Saint Louis USA"]
[Date "2019.06.22"]
[Round "5.1"]
[White "Fridman, Daniel"]
[Black "Gabuzyan, Hovhannes"]
[Result "1/2-1/2"]
[WhiteTitle "GM"]
[BlackTitle "GM"]
[WhiteElo "2644"]
[BlackElo "2619"]
[WhiteFideId "11600454"]
[BlackFideId "13303732"]
[EventDate "2019.06.18"]

1. d4 Nf6 2. Nf3 g6 3. g3 Bg7 4. Bg2 O-O 5. c4 d6 6. Nc3 c6 7. O-O Bf5 8. b3 Ne4
9. Bb2 Nxc3 10. Bxc3 Be4 11. Rc1 Nd7 12. e3 b5 13. cxb5 cxb5 14. Ne1 Nf6 15.
Bxe4 Nxe4 16. Qd3 Nxc3 17. Rxc3 Qa5 18. Qc2 e5 19. Nf3 exd4 20. Nxd4 Bxd4 21.
exd4 Rae8 22. Rc6 Qb4 23. Qd3 Re7 24. Kg2 Rfe8 25. Rfc1 Kg7 26. Ra6 Re2 27. Rc3
R8e3 28. Qxe3 Rxe3 29. Rxe3 Qxd4 30. Re7 Qd5+ 31. Kg1 Qd1+ 32. Kg2 1/2-1/2

[Event "St Louis Summer B"]
[Site "Saint Louis USA"]
[Date "2019.06.22"]
[Round "5.2"]
[White "Sevian, Samuel"]
[Black "Kovalenko, Igor"]
[Result "1/2-1/2"]
[WhiteTitle "GM"]
[BlackTitle "GM"]
[WhiteElo "2677"]
[BlackElo "2651"]
[WhiteFideId "2040506"]
[BlackFideId "14117908"]
[EventDate "2019.06.18"]

1. e4 e6 2. d4 d5 3. Nc3 Bb4 4. e5 c5 5. a3 Bxc3+ 6. bxc3 Qa5 7. Bd2 Qa4 8. Qg4
g6 9. h4 Nc6 10. h5 Qxc2 11. Nf3 c4 12. hxg6 Qxg6 13. Qf4 Bd7 14. Rh3 h6 15. Be2
O-O-O 16. Rg3 Qh7 17. Bd1 Rf8 18. Nh4 Nge7 19. Rc1 Nf5 20. Nxf5 exf5 21. Bf3 Be6
22. Qh4 Rfg8 23. Qxh6 Rxg3 24. Qxh7 Rxh7 25. fxg3 Na5 26. Be3 Nb3 27. Rd1 b5 28.
Kf2 a5 29. Rf1 Kd7 30. Bd1 Kc6 31. Bc2 Rh5 32. Rb1 a4 33. Rd1 Kb6 34. Bf4 Kb7
35. Kf3 Kc6 36. Ke3 Kb6 37. Ke2 Kb7 38. Kf2 Kc6 39. Be3 Kb7 40. Kf3 Kc7 41. Kf4
Kd7 42. Rf1 Kc6 43. Kf3 Kb7 44. Kf2 Kc7 45. Kg1 Kc6 46. Rf4 Rg5 47. Kf2 b4 48.
cxb4 Kb5 49. Rh4 Rg8 50. Rh1 Rc8 51. Rd1 Rh8 52. Bf4 Rc8 53. Be3 1/2-1/2

[Event "St Louis Summer B"]
[Site "Saint Louis USA"]
[Date "2019.06.22"]
[Round "5.3"]
[White "Oparin, Grigoriy"]
[Black "Ganguly, Surya Shekhar"]
[Result "1/2-1/2"]
[WhiteTitle "GM"]
[BlackTitle "GM"]
[WhiteElo "2644"]
[BlackElo "2642"]
[WhiteFideId "24125890"]
[BlackFideId "5002150"]
[EventDate "2019.06.18"]

1. Nf3 d5 2. g3 g6 3. Bg2 Bg7 4. d4 c6 5. O-O Nf6 6. b3 O-O 7. Bb2 a5 8. c4 a4
9. e3 axb3 10. axb3 Rxa1 11. Bxa1 Bf5 12. Nc3 Nbd7 13. h3 Ne4 14. Ne2 Qa5 15.
cxd5 cxd5 16. g4 Be6 17. Nf4 Qa2 18. Ne5 Nxe5 19. Nxe6 fxe6 20. Bxe4 Nc6 21. Bd3
Rc8 22. Bc3 Ne5 23. Bb1 Qa3 24. Bd2 Nf7 25. h4 e5 26. dxe5 Nxe5 27. h5 gxh5 28.
g5 Ng6 29. Qxh5 Qxb3 30. Bxg6 hxg6 31. Qxg6 d4 32. exd4 Qh3 33. Qe4 Rf8 34. Rb1
Qf5 35. Qxf5 Rxf5 36. Be3 Rd5 37. Kg2 Bxd4 38. Rd1 e5 39. Bxd4 exd4 40. f4 b5
41. Kf3 b4 42. Ke4 Rb5 43. Kxd4 b3 44. Kc3 b2 45. Kc2 Rb4 46. f5 Rb5 47. Rd8+
Kf7 48. g6+ Kg7 49. Rd7+ Kg8 50. Rd8+ 1/2-1/2

[Event "St Louis Summer B"]
[Site "Saint Louis USA"]
[Date "2019.06.24"]
[Round "6.1"]
[White "Fridman, Daniel"]
[Black "Sevian, Samuel"]
[Result "0-1"]
[WhiteTitle "GM"]
[BlackTitle "GM"]
[WhiteElo "2644"]
[BlackElo "2677"]
[WhiteFideId "11600454"]
[BlackFideId "2040506"]
[EventDate "2019.06.18"]

1. d4 Nf6 2. Nf3 g6 3. g3 Bg7 4. Bg2 O-O 5. c4 d6 6. Nc3 Nbd7 7. O-O e5 8. e4
exd4 9. Nxd4 Nc5 10. f3 Nfd7 11. Be3 a5 12. b3 a4 13. Qc2 axb3 14. axb3 Rxa1 15.
Rxa1 Re8 16. Bf2 c6 17. b4 Na6 18. Rb1 Ne5 19. Na2 c5 20. Nb5 cxb4 21. Nxb4 Nxb4
22. Rxb4 Be6 23. Nd4 Nc6 24. Nxc6 bxc6 25. f4 c5 26. Rb1 Qa5 27. Qb3 Rd8 28. Bf1
Ra8 29. h3 Bd7 30. Qb6 Qd2 31. Re1 Bd4 32. Re2 Qd3 33. Re3 Qd1 34. Qb3 Qc1 35.
Rf3 Bxh3 36. Bxd4 cxd4 37. e5 dxe5 38. fxe5 Be6 39. Qb6 Qa1 40. c5 Bd5 41. Rf2
Qc3 42. Kh2 Qe3 43. Qf6 Re8 44. c6 Qxe5 45. Bh3 Qxf6 46. Rxf6 Re2+ 47. Kg1 Rc2
48. Bd7 d3 49. Rd6 Bf3 50. Rxd3 Bxc6 0-1

[Event "St Louis Summer B"]
[Site "Saint Louis USA"]
[Date "2019.06.24"]
[Round "6.3"]
[White "Kovalenko, Igor"]
[Black "Ganguly, Surya Shekhar"]
[Result "1-0"]
[WhiteTitle "GM"]
[BlackTitle "GM"]
[WhiteElo "2651"]
[BlackElo "2642"]
[WhiteFideId "14117908"]
[BlackFideId "5002150"]
[EventDate "2019.06.18"]

1. d4 Nf6 2. c4 e6 3. Nf3 d5 4. Nc3 c6 5. Bg5 dxc4 6. e4 b5 7. a4 b4 8. Nb1 Be7
9. Bxf6 Bxf6 10. Bxc4 O-O 11. a5 Qc7 12. e5 Be7 13. Nbd2 c5 14. d5 exd5 15. Bxd5
Nc6 16. O-O Rb8 17. Re1 b3 18. Qb1 Be6 19. Bxe6 fxe6 20. Qd3 Nxa5 21. Ra4 Rb4
22. Rxb4 cxb4 23. Ra1 Qb6 24. Qd7 Bd8 25. h3 Qc6 26. Qxa7 h6 27. Qd4 Qc2 28. Ne1
Qf5 29. Ndf3 Qf4 30. Qd6 Qc4 31. Rd1 Nc6 32. Qd2 Be7 33. Rc1 Qe4 34. Qd7 Nxe5
35. Qxe6+ Kh7 36. Qxe5 1-0

[Event "St Louis Summer B"]
[Site "Saint Louis USA"]
[Date "2019.06.25"]
[Round "7.1"]
[White "Kovalenko, Igor"]
[Black "Fridman, Daniel"]
[Result "1/2-1/2"]
[WhiteTitle "GM"]
[BlackTitle "GM"]
[WhiteElo "2651"]
[BlackElo "2644"]
[WhiteFideId "14117908"]
[BlackFideId "11600454"]
[EventDate "2019.06.18"]

1. c4 e6 2. Nc3 d5 3. d4 Be7 4. Nf3 Nf6 5. e3 O-O 6. b3 c5 7. Bd3 cxd4 8. exd4
Nc6 9. O-O b6 10. Re1 Bb7 11. Bb2 Rc8 12. Rc1 Re8 13. a3 Bf8 14. cxd5 Nxd5 15.
Nxd5 Qxd5 16. Be4 Qh5 17. b4 a5 18. bxa5 Qxa5 19. d5 exd5 20. Bc3 Qxa3 21. Bxh7+
Kxh7 22. Qd3+ Re4 23. Ng5+ Kh6 24. Nxe4 dxe4 25. Qxe4 Rd8 26. Qf5 Ne7 27. Qxf7
Kh7 28. Bf6 Bd5 29. Qh5+ Kg8 30. Qg5 Kf7 31. Be5 Rd7 32. Rc3 Qb4 33. h4 Kg8 34.
Rce3 Bf7 35. h5 Rd5 36. Re4 Qd2 37. Qh4 Nf5 38. Qh3 Qg5 39. g4 Nh6 40. Bd4 Bc5
41. Bxc5 bxc5 42. Qg3 Rd4 43. f3 Rxe4 44. Rxe4 Bxh5 45. Re5 Qc1+ 46. Re1 Qg5 47.
Qb8+ Kh7 48. Qe5 Qxe5 49. Rxe5 Bf7 50. Rxc5 Be6 51. g5 Nf7 52. Kf2 g6 53. f4 Kg7
54. Ke3 Bh3 1/2-1/2

[Event "St Louis Summer B"]
[Site "Saint Louis USA"]
[Date "2019.06.25"]
[Round "7.2"]
[White "Ganguly, Surya Shekhar"]
[Black "Gabuzyan, Hovhannes"]
[Result "0-1"]
[WhiteTitle "GM"]
[BlackTitle "GM"]
[WhiteElo "2642"]
[BlackElo "2619"]
[WhiteFideId "5002150"]
[BlackFideId "13303732"]
[EventDate "2019.06.18"]

1. e4 c5 2. Nf3 d6 3. d4 cxd4 4. Nxd4 Nf6 5. Nc3 a6 6. Be3 e5 7. Nf3 Qc7 8. a4
Be7 9. Be2 O-O 10. O-O Nbd7 11. Nd2 b6 12. Bc4 Bb7 13. Qe2 h6 14. Rfd1 Rfc8 15.
f3 Nc5 16. Kh1 Qd8 17. Ba2 Ncd7 18. Nc4 Rc6 19. Bb3 Rb8 20. Rd2 Bc8 21. Rad1 Qf8
22. Qf2 Nc5 23. Bxc5 bxc5 24. Na5 Rcb6 25. Nc4 Rc6 26. a5 Be6 27. Ba4 Rc7 28.
Qf1 Rb4 29. Nxd6 c4 30. f4 Ng4 31. f5 Ne3 32. Qf3 Nxd1 33. Qxd1 Bg5 34. fxe6
Bxd2 35. Qxd2 fxe6 36. h3 Rxa4 37. Nxa4 Rd7 38. Qe2 Rxd6 39. Nb6 Qf4 40. Nxc4
Rd4 0-1

[Event "St Louis Summer B"]
[Site "Saint Louis USA"]
[Date "2019.06.25"]
[Round "7.3"]
[White "Oparin, Grigoriy"]
[Black "Sevian, Samuel"]
[Result "1-0"]
[WhiteTitle "GM"]
[BlackTitle "GM"]
[WhiteElo "2644"]
[BlackElo "2677"]
[WhiteFideId "24125890"]
[BlackFideId "2040506"]
[EventDate "2019.06.18"]

1. Nf3 d5 2. g3 Nf6 3. Bg2 c5 4. O-O Nc6 5. d4 e6 6. b3 cxd4 7. Nxd4 Be7 8. Bb2
O-O 9. c4 Bd7 10. cxd5 Nxd5 11. Na3 Nxd4 12. Qxd4 Bf6 13. Qd2 Bc6 14. Nc4 Bxb2
15. Qxb2 Nb6 16. Bxc6 Nxc4 17. Qc3 Nd6 18. Bf3 Qb6 19. Rfd1 Rfd8 20. Qe5 Rac8
21. Rd3 Ne8 22. Rad1 Rxd3 23. Rxd3 Qc7 24. Qb5 Nd6 25. Qb4 Rd8 26. Bxb7 a5 27.
Qf4 Qb6 28. Bf3 Nb5 29. Rxd8+ Qxd8 30. Qc4 Nd6 31. Qc5 g6 32. a4 Nf5 33. b4 axb4
34. Qxb4 Qd1+ 35. Kg2 Nd4 36. Qb8+ Kg7 37. Qe5+ Kg8 38. a5 Nc2 39. h4 Ne1+ 40.
Kh2 Nxf3+ 41. exf3 Qxf3 42. Qb8+ Kg7 43. Qb2+ Kh6 44. a6 e5 45. a7 f5 46. Qa2
Qa8 47. Qa5 f4 48. gxf4 exf4 49. Qg5+ Kg7 50. Qe5+ Kh6 51. Qb8 Qf3 52. a8=Q
Qxf2+ 53. Qg2 Qxh4+ 54. Qh3 1-0

[Event "St Louis Summer B"]
[Site "Saint Louis USA"]
[Date "2019.06.26"]
[Round "8.1"]
[White "Fridman, Daniel"]
[Black "Oparin, Grigoriy"]
[Result "1/2-1/2"]
[WhiteTitle "GM"]
[BlackTitle "GM"]
[WhiteElo "2644"]
[BlackElo "2644"]
[WhiteFideId "11600454"]
[BlackFideId "24125890"]
[EventDate "2019.06.18"]

1. d4 d5 2. c4 e6 3. Nc3 Be7 4. Nf3 Nf6 5. g3 Nbd7 6. Bg2 dxc4 7. Nd2 Nb6 8.
Nxc4 O-O 9. Ne5 c5 10. dxc5 Qxd1+ 11. Nxd1 Bxc5 12. Nd3 Be7 13. Nc3 Rd8 14. O-O
Nbd5 15. Bd2 b6 16. Nf4 Bb7 17. Nfxd5 Nxd5 18. Nxd5 Bxd5 19. Bc3 f6 20. Rfd1
Bxg2 21. Kxg2 Kf7 22. f4 Rxd1 23. Rxd1 Rd8 24. Rxd8 Bxd8 25. Kf3 Ke7 26. Ke4 g6
27. a4 Kd6 28. Kd4 a6 29. e4 b5 30. axb5 axb5 1/2-1/2